| 000 | 00678nam a22002297a 4500 | ||
|---|---|---|---|
| 001 | 2194 | ||
| 005 | 20231114115829.0 | ||
| 020 | _a9780545238069 | ||
| 040 |
_aFISKH _beng _cFISKH _dFISKH |
||
| 082 | _a813 | ||
| 100 | _aCooper, John | ||
| 245 |
_aFirst day / _cDewey Does Story by John Cooper Illustrations by Sid Blaize |
||
| 260 |
_aNew York : _bScholastic, _c2004 |
||
| 300 |
_a94 pages : _c19 cm |
||
| 490 | _aA Dewey Does book | ||
| 505 | _aM | ||
| 520 | _aCome inside the mind of nine year old Dewey Does and find out what's it really like. | ||
| 521 |
_a700 _bLexile estimate |
||
| 521 |
_aM _bRaz-Plus |
||
| 700 |
_aBlaize, Sid _eIllustrator |
||
| 942 |
_2ddc _cBK _n0 |
||
| 999 |
_c2194 _d2194 |
||